Vivienda & arquitectura tradicional en el Pacífico colombiano : (Registro nro. 244691)

Detalles MARC
000 -LEADER
fixed length control field 02668nam a2200481Ii 4500
001 - CONTROL NUMBER
control field DIGUVALLE042
003 - CONTROL NUMBER IDENTIFIER
control field NyNyDIG
008 - FIXED-LENGTH DATA ELEMENTS--GENERAL INFORMATION
fixed length control field 160513e201410uuck ab ob 000 0 spa d
006 - FIXED-LENGTH DATA ELEMENTS--ADDITIONAL MATERIAL CHARACTERISTICS
fixed length control field m o d
007 - PHYSICAL DESCRIPTION FIXED FIELD--GENERAL INFORMATION
fixed length control field cr |||||||||||
035 ## - SYSTEM CONTROL NUMBER
System control number (OCoLC)949870999
040 ## - CATALOGING SOURCE
Original cataloging agency DGITA
Language of cataloging eng
Description conventions rda
-- pn
Transcribing agency DGITA
020 ## - INTERNATIONAL STANDARD BOOK NUMBER
Canceled/invalid ISBN 9789587651256
020 ## - INTERNATIONAL STANDARD BOOK NUMBER
Canceled/invalid ISBN 9587651251
043 ## - GEOGRAPHIC AREA CODE
Geographic area code s-ck---
050 14 - LIBRARY OF CONGRESS CALL NUMBER
Classification number NA7305.P33 eBook
100 1# - MAIN ENTRY--PERSONAL NAME
Personal name Mosquera Torres, Gilma,
Relator term author.
245 10 - TITLE STATEMENT
Title Vivienda & arquitectura tradicional en el Pacífico colombiano :
Remainder of title patrimonio cultural afrodescendente /
Statement of responsibility, etc. Gilma Mosquera Torres.
246 3# - VARYING FORM OF TITLE
Title proper/short title Vivienda y arquitectura tradicional en el Pacífico colombiano
250 ## - EDITION STATEMENT
Edition statement Segunda edición.
264 #1 - PRODUCTION, PUBLICATION, DISTRIBUTION, MANUFACTURE, AND COPYRIGHT NOTICE
Place of production, publication, distribution, manufacture Cali, Colombia :
Name of producer, publisher, distributor, manufacturer Universidad del Valle, Programa Editorial,
Date of production, publication, distribution, manufacture, or copyright notice octubre de 2014.
300 ## - PHYSICAL DESCRIPTION
Extent 1 online resource :
Other physical details illustrations (some color), maps.
336 ## - CONTENT TYPE
Content type term text
Content type code txt
Source rdacontent
337 ## - MEDIA TYPE
Media type term computer
Media type code c
Source rdamedia
338 ## - CARRIER TYPE
Carrier type term online resource
Carrier type code cr
Source rdacarrier
490 1# - SERIES STATEMENT
Series statement Colección Libros de investigación
504 ## - BIBLIOGRAPHY, ETC. NOTE
Bibliography, etc. note Includes bibliographical references.
505 0# - FORMATTED CONTENTS NOTE
Formatted contents note Hábitat rural y urbano del pacífico -- Tipología de la vivienda rural y urbana -- Catálogo de la imaginación creativa -- El patrimonio urbano en las aldeas del Pacífico -- Hábitat y vivienda en el municipio de Buenaventura -- Alternativas, experiencias y proyectos.
520 8# - SUMMARY, ETC.
Summary, etc. Part of a project to document and study the architectural and urban heritage of African descendants in the Colombian Pacific This study of new research with the participation of a wider group of professionals and Workshop on Social Housing Project of the School of Architecture, focus is on popular rural housing and architecture.
588 0# - SOURCE OF DESCRIPTION NOTE
Source of description note Online resource; title from PDF title page (Digitalia, viewed May 20, 2016)
650 #0 - SUBJECT ADDED ENTRY--TOPICAL TERM
Topical term or geographic name entry element Architecture, Domestic
Geographic subdivision Colombia
-- Pacific Coast.
650 #0 - SUBJECT ADDED ENTRY--TOPICAL TERM
Topical term or geographic name entry element Vernacular architecture
Geographic subdivision Colombia
-- Pacific Coast.
650 #0 - SUBJECT ADDED ENTRY--TOPICAL TERM
Topical term or geographic name entry element Blacks
General subdivision Dwellings
Geographic subdivision Colombia
-- Pacific Coast.
650 #0 - SUBJECT ADDED ENTRY--TOPICAL TERM
Topical term or geographic name entry element Human settlements
Geographic subdivision Colombia
-- Pacific Coast.
655 #0 - INDEX TERM--GENRE/FORM
Genre/form data or focus term Electronic books.
791 2# -
-- Digitalia (Firm),
-- distributor.
793 0# -
-- Digitalia eBook Collection:
-- Universidad del Valle
776 08 - ADDITIONAL PHYSICAL FORM ENTRY
Relationship information Print version:
Main entry heading Mosquera Torres, Gilma.
Title Vivienda & arquitectura tradicional en el Pacífico colombiano.
Edition Segunda edición.
Place, publisher, and date of publication Cali, Colombia : Universidad del Valle, Programa Editorial, [2014]
International Standard Book Number 9789587651256
830 #0 - SERIES ADDED ENTRY--UNIFORM TITLE
Uniform title Colección Libros de investigación (Cali, Colombia)
856 40 - ELECTRONIC LOCATION AND ACCESS
Materials specified Digitalia Hispánica
Uniform Resource Identifier <a href="https://www.digitaliapublishing.com/a/39097/">https://www.digitaliapublishing.com/a/39097/</a>
910 ## - USER-OPTION DATA (OCLC)
User-option data Premium Collection: 2016
942 ## - ADDED ENTRY ELEMENTS (KOHA)
Koha item type Recurso Electrónico
Existencias
Withdrawn status Lost status Damaged status Not for loan Collection Home library Current library Date acquired Total checkouts Date last seen Price effective from Koha item type
        Digitalia Ebooks Hispanica Biblioteca Digital UIN Biblioteca Digital UIN 04/25/2025   04/25/2025 04/25/2025 Recurso Electrónico

CONTACTO


NOSOTROS


SITIOS DE INTERES

coordinacion.biblioteca.biblioteca@unienlinea.mx Misión, Visión y Objetivos Bases de datos
Directorio Bibliotecas Digitales y Repositorios
Normatividad Revistas y artículos
Convenios interbibliotecarios
Boletines



Hecho en México. Universidad Insurgentes (UIN). Todos los derechos reservados 2024. Esta página y sus contenidos pueden ser reproducidos con fines no lucrativos, siempre y cuando no se mutile, se cite la fuente completa y su dirección electrónicas. De otra forma requiere permiso previo por escrito de la institución




2024 Copyright Universidad Insurgentes | www.bibliouin.com.mx